Načítá se...

Project planning and control

Podrobná bibliografie
Hlavní autor: Mohsin,M
Médium: Printed Book
Jazyk:English
Vydáno: New Delhi Vikas Publishing House 1977
Témata:
LEADER 00540nam a22001697a 4500
005 20160820112735.0
008 100308t xxu||||| |||| 00| 0 eng d
082 |a 65(083.94)  |b MOH 
100 |a Mohsin,M  |9 2631 
245 |a Project planning and control 
300 |a ix,373p. 
653 |a finance functions 
942 |c BK  |6 _ 
260 |a New Delhi  |b Vikas Publishing House  |c 1977 
020 |a 0706923154 
999 |c 175615  |d 175615 
952 |0 0  |1 0  |2 ddc  |4 0  |6 6508394_MOH  |7 0  |9 227480  |a DAE  |b DAE  |d 2010-03-08  |o 65(083.94) MOH  |p ECO03539  |r 2016-08-20  |w 2016-08-20  |y BK